000
00303nam a2200109 4500
008
160625b xxu||||| |||| 00| 0 eng d
100
_9
1162
_a
Enright, D.J., et al
245
_a
English Critical Texts
260
_a
Lon
_b
Oxford University Press
_c
1962
300
_a
English Critical Texts
942
_2
ddc
_c
BK
999
_c
944
_d
944